000 01300nam0a22002651 4500
001 rc\930909
005 20041129095429.4
035 _a(NLR Aleph) 006104108
090 _a5289842
_c5289842
100 _a20041129d1982 u |0rusy50 ca
101 0 _arus
102 _aRU
105 _ay |||||||||
200 1 _aСовременный антикоммунизм - оружие реакции против социального прогресса
_eМетод. рекомендации в помощь пропагандистам системы комс. политучебы, по курсу "Идеол. борьба и молодежь"
_fДом полит. просвещения Ворошиловгр. обкома КП Украины
_g[Подгот. Исаев В.Д., доц., к. филос. н.]
210 _aВорошиловград
_cБ. и.
_d1982
215 _a16 с.
_d20
225 1 _aРешения XXVI съезда КПСС - в жизнь!
320 _aБиблиогр.: с. 16
702 1 _aИсаев
_bВ. Д.
_4570
712 0 2 _aВорошиловградский обл. дом политического просвещения
_3RU\NLR\AUTH\889939075
801 0 _aRU
_bNLR
_gpsbo
801 1 _aRU
_bELAR
_2rusmarc
852 _aNLR
_j83-4/24304
942 _cBOOK
980 _aNB